[Event "31.Alpenpokal Oberstdorf op"]
[Site "Tiefenbach (13.01.-21.01)"]
[Date "2005.01.20"]
[Round "8.10"]
[White "Marek, Herbert"]
[Black "Meyer, Gerd[61Huckarde]"]
[Result "0-1"]
[WhiteElo "1701"]
[BlackElo "1925"]
[PlyCount "124"]
[EventDate "2005.01.??"]
[Source "ChessOrg"]
[SourceDate "2005.02.28"]

1. d4 d5 2. c4 e6 3. Nc3 c5 4. e3 Nf6 5. Nf3 Nc6 6. a3 cxd4 7. exd4 Be7 8. b4
O-O 9. cxd5 Nxd5 10. Nxd5 Qxd5 11. Be3 Bf6 12. Rc1 Rd8 13. Bc4 Qd6 14. O-O a6
15. Qc2 h6 16. Rfd1 Ne7 17. Ne5 Bd7 18. Ng4 Rac8 19. Nxf6+ gxf6 20. Qe4 Kg7 21.
Bd3 f5 22. Qh4 Ng8 23. Bc4 Ba4 24. Bf4 Qxf4 25. Qxf4 Bxd1 26. Qe5+ Nf6 27. Qg3+
Bg4 28. Qe3 b5 29. f3 Bh5 30. Ba2 Rxc1+ 31. Qxc1 Rxd4 32. h3 Nd5 33. Bxd5 Rxd5
34. Qc6 f4 35. Qxa6 Bg6 36. Qc8 Bd3 37. Qc1 e5 38. Qe1 f6 39. Qh4 Bc4 40. Qg4+
Kf7 41. h4 Rd1+ 42. Kh2 Be6 43. Qh5+ Kg7 44. Qe8 Bc4 45. Qe7+ Bf7 46. Qb7 Rd5
47. Kh3 h5 48. g4 fxg3 49. Kxg3 Kg6 50. Qc6 Kf5 51. a4 bxa4 52. Qxa4 Rd3 53. b5
Bd5 54. Qc2 e4 55. Qc8+ Ke5 56. Qe8+ Kd4 57. Qxh5 Rxf3+ 58. Qxf3 exf3 59. h5 (
59. Kf2 Ke5 60. h5 Kf5) 59... Ke3 $3 {diesen Zug muß man sehen} 60. h6 f2 61.
h7 f1=Q 62. h8=Q Qg1+ 0-1

[Event "31.Alpenpokal Oberstdorf op"]
[Site "Tiefenbach (13.01.-21.01)"]
[Date "2005.01.20"]
[Round "8.11"]
[White "Hiller, Joachim[42Deidesh]"]
[Black "Poell, Guenter"]
[Result "0-1"]
[WhiteElo "1838"]
[BlackElo "1815"]
[PlyCount "108"]
[EventDate "2005.01.??"]
[Source "ChessOrg"]
[SourceDate "2005.02.28"]

1. e4 e6 2. d4 d5 3. Nc3 Nf6 4. Bg5 Be7 5. Bxf6 Bxf6 6. e5 Be7 7. Qg4 O-O 8.
Bd3 f5 9. Qh3 c5 10. dxc5 Bxc5 11. f4 d4 12. Nce2 Bb4+ 13. Kf2 Bd2 14. Nf3 Be3+
15. Kf1 h6 16. g4 Nc6 17. gxf5 exf5 18. Bc4+ Kh8 19. Nh4 Ne7 20. Rd1 Qb6 21.
Ng2 Qc6 22. Bb3 Qe4 23. Qg3 b6 24. h4 Bb7 25. Rh2 Rad8 26. c3 Ba6 27. Nxe3 dxe3
28. Rg2 Rxd1+ 29. Bxd1 g6 30. Ke1 Qd3 31. Bb3 Qd2+ 32. Kf1 Qc1+ 33. Qe1 Qxb2
34. Kg1 Bb7 35. Rg3 Rd8 36. Rxe3 Rd2 37. Kf2 Ba6 38. Kf3 Bxe2+ 39. Rxe2 Qxc3+
40. Kf2 Qd4+ 41. Kg2 Rxe2+ 42. Qxe2 Qxf4 43. Qb5 Qe4+ 44. Kg1 Qe1+ 45. Kg2 Qd2+
46. Kf3 Qc3+ 47. Kf2 Qc6 48. Qxc6 Nxc6 49. e6 Kg7 50. Kg3 Kf6 51. Bd5 Nd4 52.
e7 Kxe7 53. Kf4 Kf6 54. a4 g5+ 0-1

[Event "31.Alpenpokal Oberstdorf op"]
[Site "Tiefenbach (13.01.-21.01)"]
[Date "2005.01.20"]
[Round "8.12"]
[White "Krawinkel, Hans-Werner"]
[Black "Maugg, Ludwig"]
[Result "1/2-1/2"]
[WhiteElo "1676"]
[BlackElo "1942"]
[PlyCount "30"]
[EventDate "2005.01.??"]
[Source "ChessOrg"]
[SourceDate "2005.02.28"]

1. c4 c5 2. g3 Nc6 3. Bg2 g6 4. d3 Bg7 5. Nc3 e6 6. e3 Nge7 7. Nge2 O-O 8. O-O
e5 9. Nd5 d6 10. Nec3 Rb8 11. Rb1 b6 12. a3 Bb7 13. b4 Nxd5 14. Nxd5 Ne7 15. b5
Nxd5 1/2-1/2

[Event "31.Alpenpokal Oberstdorf op"]
[Site "Tiefenbach (13.01.-21.01)"]
[Date "2005.01.20"]
[Round "8.14"]
[White "Frankenberger, Ralf"]
[Black "Rueggeberg, Wilhelm"]
[Result "1/2-1/2"]
[WhiteElo "1848"]
[BlackElo "1805"]
[PlyCount "129"]
[EventDate "2005.01.??"]
[Source "ChessOrg"]
[SourceDate "2005.02.28"]

1. d4 Nf6 2. Nf3 d5 3. e3 c6 4. Bd3 Qc7 5. Nbd2 Bg4 6. b3 Nbd7 7. Bb2 e6 8. h3
Bh5 9. O-O Bb4 10. c3 Be7 11. Qc2 e5 12. dxe5 Nxe5 13. Nxe5 Qxe5 14. Rae1 O-O
15. e4 dxe4 16. Nxe4 Bg6 17. c4 Qf4 18. g3 Qc7 19. Nxf6+ Bxf6 20. Bxf6 gxf6 21.
Bf5 Rad8 22. Re2 Qa5 23. Bxg6 hxg6 24. c5 Rd5 25. Qb2 Kg7 26. b4 Qb5 27. Re3
Rxc5 28. Rfe1 Rd8 29. Rf3 Rf5 30. Rfe3 Qd5 31. Qa3 a6 32. g4 Re5 33. Qc3 Rde8
34. a3 Rxe3 35. Rxe3 Rxe3 36. Qxe3 Qe5 37. Qb6 Qa1+ 38. Kg2 Qxa3 39. Qxb7 Qa4
40. Qb6 Qb5 41. Qd4 g5 42. h4 gxh4 43. Kh3 Qd5 44. Qxd5 cxd5 45. Kxh4 d4 46.
Kg3 d3 47. Kf3 Kg6 48. Ke3 Kg5 49. f3 f5 50. gxf5 Kxf5 51. Kxd3 Kf4 52. Ke2 f5
53. Kf2 Ke5 54. Ke3 f4+ 55. Kd3 Kd5 56. Kc3 Kd6 57. Kd4 Kc6 58. Ke4 Kb5 59.
Kxf4 Kxb4 60. Kg5 a5 61. f4 a4 62. f5 a3 63. f6 a2 64. f7 a1=Q 65. f8=Q+
1/2-1/2

[Event "31.Alpenpokal Oberstdorf op"]
[Site "Tiefenbach (13.01.-21.01)"]
[Date "2005.01.20"]
[Round "8.15"]
[White "Emser, Heinrich"]
[Black "Johne, Siegfried"]
[Result "0-1"]
[WhiteElo "1685"]
[BlackElo "1843"]
[PlyCount "81"]
[EventDate "2005.01.??"]
[Source "ChessOrg"]
[SourceDate "2005.02.28"]

1. e4 c5 2. Nc3 e6 3. g3 b6 4. Bg2 Bb7 5. d3 Nf6 6. Nh3 d5 7. e5 Nfd7 8. f4 Be7
9. O-O O-O 10. Qe2 Nc6 11. Qf2 a6 12. a3 b5 13. Kh1 Qb6 14. Rd1 a5 15. Ne2 b4
16. a4 Rfc8 17. Be3 Ba6 18. b3 Rc7 19. g4 Rac8 20. Ng3 Nd4 21. g5 Bb7 22. Ng1
Qa6 23. Rac1 Nf5 24. Nxf5 exf5 25. d4 c4 26. Bf1 Qe6 27. Qd2 Nb6 28. h4 h6 29.
Bh3 hxg5 30. fxg5 g6 31. Qf2 Kg7 32. h5 Nd7 33. h6+ Kh7 34. Ne2 Nxe5 35. dxe5
d4+ 36. Bg2 Bxg2+ 37. Kxg2 dxe3 38. Qxe3 Rc5 39. Nf4 Qxe5 40. Qxe5 Rxe5 41. Nh3
0-1

[Event "31.Alpenpokal Oberstdorf op"]
[Site "Tiefenbach (13.01.-21.01)"]
[Date "2005.01.20"]
[Round "8.16"]
[White "Reinke, Kurt[39Benrath]"]
[Black "Seyfarth, Rudolf"]
[Result "1/2-1/2"]
[WhiteElo "1832"]
[BlackElo "1807"]
[PlyCount "91"]
[EventDate "2005.01.??"]
[Source "ChessOrg"]
[SourceDate "2005.02.28"]

1. d4 Nf6 2. c4 e6 3. Nf3 b6 4. Nc3 Bb7 5. a3 d5 6. cxd5 Nxd5 7. e3 Nd7 8. Bd3
N7f6 9. O-O Be7 10. Qa4+ c6 11. e4 Nxc3 12. bxc3 O-O 13. e5 Nd5 14. c4 b5 15.
cxb5 cxb5 16. Qc2 f5 17. exf6 Nxf6 18. Qe2 Bxf3 19. Qxe6+ Kh8 20. gxf3 Qxd4 21.
Be3 Qxd3 22. Qxe7 Nd5 23. Qe4 Qxe4 24. fxe4 Nxe3 25. fxe3 Kg8 26. Rad1 Rae8 27.
Rd4 Re6 28. a4 a6 29. axb5 axb5 30. Rb1 Re5 31. Rf1 Rfe8 32. Rb1 Rxe4 33. Rxe4
Rxe4 34. Kf2 Re5 35. Rb4 g5 36. h4 h6 37. Kf3 Kf7 38. hxg5 hxg5 39. Rd4 Ke6 40.
Rd8 Rd5 41. Rb8 Kd6 42. Ke4 Rc5 43. Kd4 g4 44. Rg8 Rc4+ 45. Kd3 Kc5 46. e4
1/2-1/2

[Event "31.Alpenpokal Oberstdorf op"]
[Site "Tiefenbach (13.01.-21.01)"]
[Date "2005.01.20"]
[Round "8.18"]
[White "Gerhards, Walter"]
[Black "Bruestle, Wilfried"]
[Result "1-0"]
[WhiteElo "1805"]
[BlackElo "1614"]
[PlyCount "89"]
[EventDate "2005.01.??"]
[Source "ChessOrg"]
[SourceDate "2005.02.28"]

1. e4 e6 2. d4 d5 3. Nc3 dxe4 4. Nxe4 Bd7 5. Bd3 Bc6 6. Nf3 h6 7. O-O Nf6 8.
Ng3 Nbd7 9. c4 Nb6 10. Be3 Bxf3 11. Qxf3 c6 12. Rfe1 Be7 13. Rad1 Nbd7 14. a3
Qc7 15. b4 a6 16. Bf4 Bd6 17. Ne2 Bxf4 18. Nxf4 O-O-O 19. b5 g5 20. Ne2 a5 21.
Nc3 g4 22. Qe3 Rde8 23. bxc6 bxc6 24. Na4 Rhg8 25. Rb1 Rg5 26. Rb2 Kd8 27. Reb1
Qd6 28. c5 Qf8 29. Rb7 Nd5 30. Qd2 Ke7 31. Qxa5 Qh8 32. Nb6 $2 (32. Rxd7+ Kxd7
33. Rb7+ Kc8 34. Qa8#) 32... N5xb6 33. Qxb6 Qxd4 34. Qxc6 Rd5 (34... Qxd3 35.
Rxd7+ Qxd7 36. Rb7 Rd8 37. g3 Rd5) 35. Bf1 Kf6 36. Qc7 Ne5 37. c6 Rc5 38. R7b4
Qd2 39. R4b2 Rc2 40. Rxc2 Qxc2 41. Rb4 Ng6 42. Rxg4 Re7 43. Qd6 h5 44. Rd4 h4
45. Rc4 1-0

[Event "31.Alpenpokal Oberstdorf op"]
[Site "Tiefenbach (13.01.-21.01)"]
[Date "2005.01.20"]
[Round "8.19"]
[White "Tauscher, Max"]
[Black "Herzog, Manfred[60Sulzfeld]"]
[Result "1/2-1/2"]
[WhiteElo "1671"]
[BlackElo "1756"]
[PlyCount "45"]
[EventDate "2005.01.??"]
[Source "ChessOrg"]
[SourceDate "2005.02.28"]

1. e4 g6 2. Nf3 Bg7 3. d4 d6 4. Bc4 Nf6 5. Nc3 Nxe4 6. Bxf7+ Kxf7 7. Nxe4 Re8
8. O-O Kg8 9. c3 d5 10. Nc5 Nc6 11. Bf4 e5 12. dxe5 Nxe5 13. Nxe5 Bxe5 14. Bxe5
Rxe5 15. Nd3 Rg5 16. f4 Bg4 17. Qd2 Rh5 18. Nf2 Qh4 19. h3 Be6 20. Rae1 Re8 21.
Qd4 b6 22. Re5 Rxe5 23. Qxe5 1/2-1/2

[Event "31.Alpenpokal Oberstdorf op"]
[Site "Tiefenbach (13.01.-21.01)"]
[Date "2005.01.20"]
[Round "8.20"]
[White "Sakowski, Christian"]
[Black "Thonig, Manfred"]
[Result "1-0"]
[WhiteElo "1771"]
[BlackElo "1555"]
[PlyCount "97"]
[EventDate "2005.01.??"]
[Source "ChessOrg"]
[SourceDate "2005.02.28"]

1. c4 f5 2. g3 Nc6 3. Bg2 b6 4. Nc3 Bb7 5. d4 e6 6. Nf3 Bb4 7. Bg5 Bxc3+ 8.
bxc3 Nf6 9. O-O O-O 10. Nd2 Qe8 11. Bxf6 Rxf6 12. e3 Na5 13. Bxb7 Nxb7 14. Nb3
Nd6 15. Nd2 Rh6 16. Kg2 Qg6 17. Qf3 Rf8 18. Qe2 Nf7 19. f4 d6 20. Nf3 Qh5 21.
h4 Qg4 22. Rh1 e5 23. Ng1 e4 24. Qxg4 fxg4 25. d5 Rh5 26. Ne2 b5 27. Rhd1 Nh6
28. cxb5 Nf5 29. Kf2 Ne7 30. c4 Nf5 31. Nc3 Re8 32. a4 h6 33. Rh1 g5 34. hxg5
Rxh1 35. Rxh1 Kg7 36. gxh6+ Nxh6 37. Rh4 Kg6 38. Ne2 Re7 39. Nd4 Rh7 40. Nc6
Rh8 41. Rh1 Ra8 42. a5 Nf5 43. Rh2 Rf8 44. Nxa7 Ra8 45. Nc6 Re8 46. a6 Ra8 47.
Nd4 Nxd4 48. exd4 Re8 49. Ke3 1-0

[Event "31.Alpenpokal Oberstdorf op"]
[Site "Tiefenbach (13.01.-21.01)"]
[Date "2005.01.20"]
[Round "8.21"]
[White "Poffers, Rieke"]
[Black "Ludwig, Ines"]
[Result "1-0"]
[WhiteElo "1799"]
[BlackElo "1521"]
[PlyCount "109"]
[EventDate "2005.01.??"]
[Source "ChessOrg"]
[SourceDate "2005.02.28"]

1. e4 c5 2. Nf3 d6 3. d4 cxd4 4. Qxd4 Nc6 5. Bb5 Bd7 6. Bxc6 Bxc6 7. c4 Nf6 8.
Nc3 h6 9. O-O e5 10. Qd3 Be7 11. Ne1 O-O 12. f3 a6 13. Be3 Qd7 14. Nc2 b5 15.
cxb5 axb5 16. Nb4 Rab8 17. Nxc6 Qxc6 18. Rfd1 Rfd8 19. Rac1 Qb7 20. Nd5 Nxd5
21. Qxd5 Qxd5 22. Rxd5 Rdc8 23. Rxc8+ Rxc8 24. Rxb5 Rc2 25. Kf1 Rc8 26. a4 Ra8
27. Rb7 Kf8 28. Ba7 Ke8 29. Rb8+ Rxb8 30. Bxb8 Kd7 31. Ba7 Kc6 32. Ke2 d5 33.
exd5+ Kxd5 34. Kd3 Bb4 35. Be3 f5 36. Bd2 e4+ 37. fxe4+ fxe4+ 38. Ke2 Bd6 39.
h3 h5 40. b4 g5 41. b5 g4 42. b6 Kc6 43. a5 Kb7 44. Ke3 gxh3 45. gxh3 Ka6 46.
Kxe4 Bg3 47. Kf3 Bd6 48. Be1 Be5 49. Ke4 Bd6 50. Kf5 Be7 51. h4 Kb7 52. Kg6 Bc5
53. Kxh5 Bxb6 54. axb6 Kxb6 55. Kg6 1-0

[Event "31.Alpenpokal Oberstdorf op"]
[Site "Tiefenbach (13.01.-21.01)"]
[Date "2005.01.20"]
[Round "8.22"]
[White "Heyse, Juergen"]
[Black "Ludwig, Karl-Heinz,Prof.Dr."]
[Result "1-0"]
[WhiteElo "1553"]
[BlackElo "1190"]
[PlyCount "38"]
[EventDate "2005.01.??"]
[Source "ChessOrg"]
[SourceDate "2005.02.28"]

1. d4 d5 2. Nf3 Nf6 3. e3 e6 4. Bd3 Be7 5. Nbd2 Nc6 6. c3 O-O 7. O-O a6 8. e4
b5 9. e5 Nd7 10. Re1 f6 11. exf6 Nxf6 12. Nf1 Rf7 13. Bg5 Ne8 14. Bxe7 Qxe7 15.
Ne3 Qd6 16. Ng5 Rf6 17. Qh5 h6 18. Qxe8+ Rf8 19. Qg6 hxg5 1-0

[Event "31.Alpenpokal Oberstdorf op"]
[Site "Tiefenbach (13.01.-21.01)"]
[Date "2005.01.20"]
[Round "8.23"]
[White "Meyer, Thomas[52Tübing]"]
[Black "Winter, Rudolf[29G.Gerau]"]
[Result "1-0"]
[WhiteElo "1604"]
[BlackElo "1654"]
[PlyCount "73"]
[EventDate "2005.01.??"]
[Source "ChessOrg"]
[SourceDate "2005.02.28"]

1. d4 Nf6 2. c4 g6 3. Nc3 Bg7 4. e4 d6 5. f3 O-O 6. Be3 e5 7. d5 c6 8. Qd2 Ne8
9. Bd3 f5 10. exf5 Bxf5 11. Nge2 Nd7 12. O-O Bxd3 13. Qxd3 Ndf6 14. Rad1 c5 15.
Ng3 a6 16. Nge4 Nh5 17. Bg5 Qd7 18. Ne2 Nf4 19. Nxf4 exf4 20. b3 Qf5 21. Bh4
Be5 22. Kh1 Qh5 23. Be1 g5 24. Bc3 Bxc3 25. Qxc3 Rf5 26. g4 fxg3 27. Nxg3 Qg6
28. Nxf5 Qxf5 29. Qd3 Qf6 30. Rde1 Ng7 31. Re2 Rf8 32. Re3 g4 33. Qe2 Nh5 34.
Re8 Nf4 35. Rxf8+ Kxf8 36. fxg4 Qd4 37. Qf3 1-0

[Event "31.Alpenpokal Oberstdorf op"]
[Site "Tiefenbach (13.01.-21.01)"]
[Date "2005.01.20"]
[Round "8.24"]
[White "Schwichtenberg, Juergen"]
[Black "Poppitz, Joachim"]
[Result "1-0"]
[WhiteElo "1639"]
[BlackElo "1369"]
[PlyCount "73"]
[EventDate "2005.01.??"]
[Source "ChessOrg"]
[SourceDate "2005.02.28"]

1. b4 e5 2. Bb2 d6 3. b5 Bd7 4. c4 b6 5. e3 Be7 6. Nf3 a6 7. a4 axb5 8. axb5
Rxa1 9. Bxa1 Bg4 10. Be2 Nf6 11. d4 O-O 12. dxe5 Bxf3 13. Bxf3 Nfd7 14. exd6
Bxd6 15. g3 Nc5 16. O-O Nbd7 17. Bd5 Kh8 18. Nd2 f6 19. Nf3 Qe7 20. Nd4 Nb8 21.
Nf5 Qd8 22. Nxd6 Qxd6 23. Qf3 Nbd7 24. Rd1 Qe7 25. Bb2 Ne5 26. Qe2 Na4 27. Bd4
Nc5 28. Qc2 Ne6 29. Bxe5 fxe5 30. Ra1 Ng5 31. Ra8 g6 32. Rxf8+ Qxf8 33. Qb2 Nf7
34. Bxf7 Qxf7 35. Qxe5+ Kg8 36. Qe4 Kf8 37. h4 1-0

[Event "31.Alpenpokal Oberstdorf op"]
[Site "Tiefenbach (13.01.-21.01)"]
[Date "2005.01.20"]
[Round "8.25"]
[White "Mueller, Dieter[45Halle]"]
[Black "Miessner, Rolf"]
[Result "1/2-1/2"]
[WhiteElo "1451"]
[BlackElo "1554"]
[PlyCount "52"]
[EventDate "2005.01.??"]
[Source "ChessOrg"]
[SourceDate "2005.02.28"]

1. Nf3 d5 2. c4 c6 3. b3 Nf6 4. Bb2 e6 5. g3 b6 6. Bg2 Bb7 7. O-O Be7 8. d3
Nbd7 9. Nbd2 O-O 10. Qc2 c5 11. cxd5 exd5 12. d4 Rc8 13. Rac1 Rc7 14. Qb1 Qa8
15. Ng5 h6 16. Ngf3 Ne4 17. Rfd1 Ndf6 18. h3 Rfc8 19. Nh4 c4 20. bxc4 Nxd2 21.
Rxd2 Rxc4 22. Rxc4 Rxc4 23. Nf5 Bb4 24. Rc2 Qc8 25. Ne3 Rxc2 26. Nxc2 Bd6
1/2-1/2

[Event "31.Alpenpokal Oberstdorf op"]
[Site "Tiefenbach (13.01.-21.01)"]
[Date "2005.01.20"]
[Round "8.26"]
[White "Fehres, Werner"]
[Black "Gelzinnus, Siegfried"]
[Result "1-0"]
[WhiteElo "1705"]
[BlackElo "1515"]
[PlyCount "69"]
[EventDate "2005.01.??"]
[Source "ChessOrg"]
[SourceDate "2005.02.28"]

1. e4 c6 2. f4 d5 3. e5 Bf5 4. d3 e6 5. c3 Bc5 6. d4 Bb6 7. Nd2 c5 8. Ndf3 Nc6
9. Be3 h6 10. Bb5 cxd4 11. Nxd4 Nge7 12. Ngf3 O-O 13. O-O a6 14. Bd3 Bxd3 15.
Qxd3 Ng6 16. g3 Rc8 17. Rae1 Re8 18. Kg2 Re7 19. Re2 Nxd4 20. Bxd4 Nf8 21. h4
Nd7 22. Rfe1 Bxd4 23. cxd4 Nb6 24. g4 g6 25. f5 gxf5 26. gxf5 exf5 27. Qxf5 Re6
28. h5 Qe7 29. Kh3 Kh8 30. Rg2 Rg8 31. Reg1 Rxg2 32. Rxg2 Qd7 33. Kh2 Re8 34.
Qf6+ Kh7 35. Qg7# 1-0

[Event "31.Alpenpokal Oberstdorf op"]
[Site "Tiefenbach (13.01.-21.01)"]
[Date "2005.01.20"]
[Round "8.27"]
[White "Poffers, Gerrit"]
[Black "Luebbers, Doris,Dr."]
[Result "0-1"]
[WhiteElo "1443"]
[BlackElo "1395"]
[PlyCount "50"]
[EventDate "2005.01.??"]
[Source "ChessOrg"]
[SourceDate "2005.02.28"]

1. d4 d5 2. Nf3 g6 3. e3 Bg7 4. Bd3 Nf6 5. O-O O-O 6. Nbd2 Nbd7 7. b3 b6 8. Bb2
Bb7 9. Qe2 c5 10. c4 dxc4 11. Bxc4 e6 12. Rfd1 Qe7 13. Re1 Bd5 14. Bd3 Rfd8 15.
e4 Bb7 16. e5 Nd5 17. Bc4 cxd4 18. Bxd4 Nc5 19. b4 Nxb4 20. Rac1 Nd5 21. Nb3
Nxb3 22. axb3 Qf8 23. Nd2 Bh6 24. f3 Nf4 25. Qf1 Rxd4 0-1

[Event "31.Alpenpokal Oberstdorf op"]
[Site "Tiefenbach (13.01.-21.01)"]
[Date "2005.01.20"]
[Round "8.28"]
[White "Wahl, Hedi"]
[Black "Schulz, Hermann[35Ülzen]"]
[Result "1/2-1/2"]
[WhiteElo "1364"]
[BlackElo "1565"]
[PlyCount "42"]
[EventDate "2005.01.??"]
[Source "ChessOrg"]
[SourceDate "2005.02.28"]

1. e4 c5 2. c3 d5 3. exd5 Qxd5 4. Nf3 Nf6 5. c4 Qd8 6. Be2 Nc6 7. h3 g6 8. Nc3
Bg7 9. b3 O-O 10. O-O a6 11. Bb2 Qc7 12. Qb1 Rd8 13. Rd1 h6 14. Ne4 Qf4 15.
Nxf6+ Bxf6 16. Bxf6 Qxf6 17. d3 b6 18. Rd2 Bb7 19. Qe1 Rd7 20. Rad1 Rad8 21.
Nh2 Nd4 1/2-1/2

[Event "31.Alpenpokal Oberstdorf op"]
[Site "Tiefenbach (13.01.-21.01)"]
[Date "2005.01.21"]
[Round "9.1"]
[White "Emde, Rainer"]
[Black "Poffers, Adriaan"]
[Result "0-1"]
[WhiteElo "1995"]
[BlackElo "2253"]
[PlyCount "44"]
[EventDate "2005.01.??"]
[Source "ChessOrg"]
[SourceDate "2005.02.28"]

1. d4 d6 2. Nf3 Nf6 3. Bg5 Nbd7 4. Nbd2 e5 5. dxe5 dxe5 6. e4 Bc5 7. c3 a5 8.
a4 c6 9. Qc2 Qc7 10. Be2 h6 11. Bh4 Nh5 12. Bg3 Nxg3 13. hxg3 Nf6 14. O-O O-O
15. Nb3 Be7 16. Nh4 g6 17. Rad1 Be6 18. Rfe1 Rad8 19. Nd2 Kg7 20. Nhf3 Bc5 21.
Nc4 Ng4 22. Rxd8 Bxf2+ 0-1

[Event "31.Alpenpokal Oberstdorf op"]
[Site "Tiefenbach (13.01.-21.01)"]
[Date "2005.01.21"]
[Round "9.2"]
[White "Koops, Randolf"]
[Black "Schlierkamp, Ferdinand"]
[Result "1/2-1/2"]
[WhiteElo "2122"]
[BlackElo "2089"]
[PlyCount "22"]
[EventDate "2005.01.??"]
[Source "ChessOrg"]
[SourceDate "2005.02.28"]

1. d4 Nf6 2. Nf3 e6 3. c4 d5 4. Nc3 a6 5. Bg5 Be7 6. e3 Nbd7 7. Bd3 dxc4 8.
Bxc4 b5 9. Bd3 Bb7 10. a3 e5 11. O-O exd4 1/2-1/2

[Event "31.Alpenpokal Oberstdorf op"]
[Site "Tiefenbach (13.01.-21.01)"]
[Date "2005.01.21"]
[Round "9.3"]
[White "Wempe, Juergen"]
[Black "Moehring, Norbert"]
[Result "1-0"]
[WhiteElo "2134"]
[BlackElo "1954"]
[PlyCount "65"]
[EventDate "2005.01.??"]
[Source "ChessOrg"]
[SourceDate "2005.02.28"]

1. e4 e5 2. Nf3 Nf6 3. Nxe5 d6 4. Nxf7 Kxf7 5. d4 c6 6. Nc3 Be7 (6... b5 $5 7.
Bd3 Qe8 8. O-O Bg4 9. f3) 7. Bc4+ d5 8. exd5 cxd5 9. Nxd5 Be6 (9... Nxd5 10.
Qh5+ g6 11. Qxd5+ Qxd5 12. Bxd5+ Kf6 13. Bf4 Kf5 14. Be3 Rd8 15. Bf3) 10. Ne3
Bxc4 11. Nxc4 Rf8 12. O-O Kg8 13. f4 Nc6 14. c3 Qd7 (14... Qc7 15. Qe2 Rad8 16.
Qe6+ Kh8 17. Ne5 Bd6) 15. Qe2 Rae8 16. Ne5 Qd5 17. Bd2 Bd6 18. Kh1 Ne4 19. c4
Nxd4 20. Qd3 Qe6 21. Qxe4 Bxe5 22. fxe5 Rxf1+ 23. Rxf1 Qxc4 24. Rc1 Rf8 25. h3
Rf1+ 26. Rxf1 Qxf1+ 27. Kh2 Ne2 28. Qc4+ Kf8 29. Bb4+ Ke8 30. Qe6+ Kd8 31. Be7+
Kc7 32. Qd6+ Kc8 33. Qd8# 1-0

[Event "31.Alpenpokal Oberstdorf op"]
[Site "Tiefenbach (13.01.-21.01)"]
[Date "2005.01.21"]
[Round "9.4"]
[White "Van Baarle, C John"]
[Black "Wahl, Frithjof,Dr."]
[Result "1-0"]
[WhiteElo "2198"]
[BlackElo "1992"]
[PlyCount "47"]
[EventDate "2005.01.??"]
[Source "ChessOrg"]
[SourceDate "2005.02.28"]

1. e4 e5 2. Nf3 Nc6 3. Bb5 a6 4. Ba4 Nf6 5. O-O Be7 6. Re1 b5 7. Bb3 d6 8. c3
Na5 9. Bc2 c5 10. d4 Bg4 11. dxc5 Bxf3 12. Qxf3 dxc5 13. Nd2 O-O 14. Nf1 Nc4
15. Ng3 Nd7 16. Nf5 Nd6 17. Nxd6 Bxd6 18. Rd1 Be7 19. Bh6 Ra7 20. Qg4 Bf6 21.
Rd3 Re8 22. Rad1 Re6 23. Be3 Be7 24. Bb3 1-0

[Event "31.Alpenpokal Oberstdorf op"]
[Site "Tiefenbach (13.01.-21.01)"]
[Date "2005.01.21"]
[Round "9.5"]
[White "Kleifges, Matthias,Dr."]
[Black "Meyer, Gerd[61Huckarde]"]
[Result "1/2-1/2"]
[WhiteElo "2019"]
[BlackElo "1925"]
[PlyCount "128"]
[EventDate "2005.01.??"]
[Source "ChessOrg"]
[SourceDate "2005.02.28"]

1. e4 e5 2. Nf3 Nc6 3. d4 exd4 4. Nxd4 Qh4 5. Nc3 Bb4 6. Ndb5 Ba5 7. Bd3 a6 8.
Na3 Nf6 9. Nc4 Bxc3+ 10. bxc3 O-O 11. O-O d6 12. f3 Nd7 13. Ne3 Nce5 14. Nd5
Qd8 15. Qe1 Nc5 16. Qg3 c6 17. Nf4 Kh8 18. h4 f6 19. Be2 f5 20. Nd3 Ncxd3 21.
cxd3 Ng6 22. h5 Ne7 23. Bg5 Rf7 24. d4 Be6 25. a4 b5 26. Ra3 Qd7 27. axb5 fxe4
28. bxc6 Qxc6 29. fxe4 Rxf1+ 30. Bxf1 Ng8 31. Qd3 a5 32. Be2 Qb6 33. c4 Qb4 34.
Bd2 Qb6 35. Qc3 Qb1+ 36. Be1 Nf6 37. Ra1 Qb6 38. Bf3 Bg4 39. Rxa5 Rxa5 40. Qxa5
Qxd4+ 41. Bf2 Qxc4 42. Bxg4 Nxg4 43. Qd8+ Qg8 44. Qxd6 Nxf2 45. Kxf2 h6 46. Qd5
Qc8 47. Kg3 Qc3+ 48. Kh2 Qf6 49. g3 Qf2+ 50. Kh3 Qf1+ 51. Kh4 Qg2 52. Qf5 Qh1+
53. Kg4 Qd1+ 54. Qf3 Qd7+ 55. Kh4 Qd8+ 56. Kh3 Qd7+ 57. Qf5 Qd1 58. e5 Qh1+ 59.
Kg4 Qd1+ 60. Qf3 Qd7+ 61. Kf4 Qf7+ 62. Ke3 Qa7+ 63. Ke2 Qa2+ 64. Ke3 Qa7+
1/2-1/2

[Event "31.Alpenpokal Oberstdorf op"]
[Site "Tiefenbach (13.01.-21.01)"]
[Date "2005.01.21"]
[Round "9.6"]
[White "Poell, Guenter"]
[Black "Wunderer, Eckart"]
[Result "1/2-1/2"]
[WhiteElo "1815"]
[BlackElo "1974"]
[PlyCount "80"]
[EventDate "2005.01.??"]
[Source "ChessOrg"]
[SourceDate "2005.02.28"]

1. f4 e5 2. fxe5 d6 3. Nf3 Nc6 4. e4 dxe5 5. d3 Bg4 6. Be3 Nf6 7. Be2 Be7 8.
Nbd2 O-O 9. O-O Nd7 10. h3 Bxf3 11. Nxf3 Bc5 12. Bxc5 Nxc5 13. Kh1 Ne6 14. a3
Qe7 15. c3 Rad8 16. Qc2 Nf4 17. Rad1 Rd6 18. d4 Rg6 19. Rf2 Re8 20. d5 Nd8 21.
Bb5 c6 22. dxc6 Nxc6 23. Bxc6 Rxc6 24. Qd2 Qc5 25. Qd7 Rf8 26. Rfd2 Rb6 27. Qf5
f6 28. Qg4 h5 29. Qg3 Qe3 30. Re1 Qc5 31. Nh4 Rf7 32. Ng6 Rd6 33. Red1 Rfd7 34.
Ne7+ Kh7 35. Rxd6 Rxd6 36. Rxd6 Qxd6 37. Qxg7+ Kxg7 38. Nf5+ Kg6 39. Nxd6 b6
40. Nc8 Nd3 1/2-1/2

[Event "31.Alpenpokal Oberstdorf op"]
[Site "Tiefenbach (13.01.-21.01)"]
[Date "2005.01.21"]
[Round "9.7"]
[White "Erhart, Uwe"]
[Black "Vreugdenhil, Frans"]
[Result "1-0"]
[WhiteElo "1988"]
[BlackElo "1872"]
[PlyCount "47"]
[EventDate "2005.01.??"]
[Source "ChessOrg"]
[SourceDate "2005.02.28"]

1. e4 e5 2. Nf3 Nc6 3. Bb5 f5 4. Nc3 fxe4 5. Nxe4 d5 6. Nxe5 dxe4 7. Nxc6 Qg5
8. Qe2 Nf6 9. f4 Qxf4 10. Ne5+ c6 11. d4 Qh4+ 12. g3 Qh3 13. Bc4 Be6 14. Bf4
Bd6 15. Rf1 O-O-O 16. a3 Rhf8 17. O-O-O Bxc4 18. Nxc4 Bc7 19. Bxc7 Kxc7 20. Ne5
Qe6 21. Kb1 c5 22. Qb5 b6 23. dxc5 Rb8 24. Rxf6 1-0

[Event "31.Alpenpokal Oberstdorf op"]
[Site "Tiefenbach (13.01.-21.01)"]
[Date "2005.01.21"]
[Round "9.8"]
[White "Klempt, Guenter"]
[Black "Aigner, Georg"]
[Result "1-0"]
[WhiteElo "1936"]
[BlackElo "1855"]
[PlyCount "89"]
[EventDate "2005.01.??"]
[Source "ChessOrg"]
[SourceDate "2005.02.28"]

1. d4 d5 2. c4 c6 3. Nf3 Nf6 4. Bg5 e6 5. e3 Be7 6. Be2 Ne4 7. Bxe7 Qxe7 8. O-O
Nd7 9. Nc3 Ndf6 10. Qc2 h5 11. Rac1 Nxc3 12. Qxc3 Ne4 13. Qc2 Rh6 14. Bd3 Ng5
15. Ne5 f5 16. cxd5 exd5 17. Bxf5 Bxf5 18. Qxf5 g6 19. Nxg6 Qg7 20. Qe5+ Qxe5
21. Nxe5 Ke7 22. b4 Nf7 23. f4 Nxe5 24. fxe5 Rg6 25. b5 Rag8 26. Rf2 Kd7 27.
bxc6+ Rxc6 28. Rxc6 Kxc6 29. Rf6+ Kb5 30. Rf7 Kc6 31. Rf5 Rb8 32. Kf2 b5 33.
Rf6+ Kb7 34. Rd6 Rc8 35. Rxd5 Rc2+ 36. Kf3 Rxa2 37. Rxb5+ Kc6 38. e6 Kd6 39.
Re5 Ke7 40. d5 a5 41. Ke4 a4 42. d6+ Ke8 43. Ra5 Kf8 44. Ra8+ Kg7 45. e7 1-0